Normal view
MARC view
Entry Personal Name
001 - CONTROL NUMBER
- control field: 1016
003 - CONTROL NUMBER IDENTIFIER
- control field: PK-NaQUE
005 - DATE AND TIME OF LATEST TRANSACTION
- control field: 20260629112933.0
008 - FIXED-LENGTH DATA ELEMENTS
- fixed length control field: 260629|| aca||aabn | a|a d
040 ## - CATALOGING SOURCE
- Original cataloging agency: PK-NaQUE
- Transcribing agency: PK-NaQUE
100 ## - HEADING--PERSONAL NAME
- Personal name: Ghullam Murtaza
- Personal name: 21-MSM-06
- Personal name: Supervisor - Dr. Kamran Nazir Memon
670 ## - SOURCE DATA FOUND
- Source citation: Work cat.: (PK-NaQUE)69075: Ghullam Murtaza 21-MSM-06 Supervisor - Dr. Kamran Nazir Memon, Exact Solution of Tank Drainage for Newtonian and Power Law Fluid Through Rectangular Pipe (Thesis MS), 2025